1000 problemas de química general /

Guardado en:
Autor Principal: Fernández, M. R.
Formato: Libro
Publicado: Madrid : Everest, 1996
Materias:
Etiquetas: Agregar Etiqueta
Sin Etiquetas, Sea el primero en etiquetar este registro!
LEADER 00626nam a22002175a 4500
001 CEM.cems014019
008 130507s1996##################000#0#####d
005 20210705173911.0
003 CEMS
245 1 0 |a 1000 problemas de química general /  |c M. R. Fernández y J. A. Fidalgo 
260 |a Madrid :  |b Everest,  |c 1996 
300 |a 737 p. 
590 |a 1134.013 
020 |a 8424176049 
100 1 |a Fernández, M. R. 
653 |a Química 
653 |a Química general 
653 |a Química general e inorgánica 
653 |a Problemas resueltos 
653 |a Biblioteca TC 
859 |a CEMS  |b BIB. CEMS - 11 de abril  |h TC  |p 1134.013  |t Ej.1